<?xml version="1.0" encoding="UTF-8"?>
<record
    xmlns:xsi="http://www.w3.org/2001/XMLSchema-instance"
    xsi:schemaLocation="http://www.loc.gov/MARC21/slim http://www.loc.gov/standards/marcxml/schema/MARC21slim.xsd"
    xmlns="http://www.loc.gov/MARC21/slim">

  <leader>01911nam a2200265uu 4500</leader>
  <controlfield tag="001">1120467</controlfield>
  <controlfield tag="005">20260507085632.0</controlfield>
  <controlfield tag="008">090126e20090126                    eng  </controlfield>
  <datafield tag="020" ind1=" " ind2=" ">
    <subfield code="a">9780199257089</subfield>
  </datafield>
  <datafield tag="035" ind1=" " ind2=" ">
    <subfield code="a">1120467</subfield>
  </datafield>
  <datafield tag="035" ind1=" " ind2=" ">
    <subfield code="a">(OCoLC)777021011</subfield>
  </datafield>
  <datafield tag="040" ind1=" " ind2=" ">
    <subfield code="c">comduadb</subfield>
  </datafield>
  <datafield tag="041" ind1=" " ind2=" ">
    <subfield code="a">eng</subfield>
  </datafield>
  <datafield tag="080" ind1=" " ind2=" ">
    <subfield code="a">INV</subfield>
  </datafield>
  <datafield tag="100" ind1="1" ind2="0">
    <subfield code="a">Loewenstein, George</subfield>
    <subfield code="4">edt</subfield>
    <subfield code="e">edt</subfield>
    <subfield code="9">533399</subfield>
  </datafield>
  <datafield tag="245" ind1="1" ind2="0">
    <subfield code="a">Exotic preferences : behavioral economics and human motivation</subfield>
  </datafield>
  <datafield tag="260" ind1=" " ind2=" ">
    <subfield code="a">Oxford, N.Y. :</subfield>
    <subfield code="b">Oxford University Press,</subfield>
    <subfield code="c">2007.</subfield>
  </datafield>
  <datafield tag="300" ind1=" " ind2=" ">
    <subfield code="a">671 p&#xE1;ginas</subfield>
  </datafield>
  <datafield tag="504" ind1=" " ind2=" ">
    <subfield code="a">Incluye referencias bibliogr&#xE1;ficas e indice.</subfield>
  </datafield>
  <datafield tag="505" ind1=" " ind2=" ">
    <subfield code="a">1. Because It is there: the challenge of mountaineering...for utility theory -- 2. The economics of meaning -- 3. The fall and rise of psychological explanations in the economics of intertemporal choice -- 4. Adam Smith, behavioral economist -- 5. Experimental economics from the vantage-point of behavioural economics -- 6. The psychology of curiosity -- 7. Social utility and decision making in interpersonal contexts -- 8. Explaining the bargaining impasse -- 9. Preference reversals between joint and separate evaluations of options -- 10. Coherent arbitrariness -- 11. A bias in the prediction of tastes -- 12. Mispredicting the endowment effect -- 13. Projection bias in predicting future utility -- 14. Anticipation and the valuation of delayed consumption -- 15. Anomalies in intertemporal choice -- 16. Preferences for sequences of outcomes -- 17. The red and the black -- 18. Out of control -- 19. Risk as feelings -- 20. Investment behavior and the negative side of emotion -- 21. Heart strings and purse strings -- 22. Separate neural systems value immediate and delayed monetary rewards.</subfield>
  </datafield>
  <datafield tag="650" ind1=" " ind2=" ">
    <subfield code="a">Econom&#xED;a - Aspectos psicol&#xF3;gicos</subfield>
    <subfield code="9">156882</subfield>
  </datafield>
  <datafield tag="650" ind1=" " ind2="7">
    <subfield code="a">Comportamiento del consumidor</subfield>
    <subfield code="2">lemb</subfield>
    <subfield code="9">12084</subfield>
  </datafield>
  <datafield tag="650" ind1=" " ind2=" ">
    <subfield code="a">Preferencias de los consumidores</subfield>
    <subfield code="9">60149</subfield>
  </datafield>
  <datafield tag="942" ind1=" " ind2=" ">
    <subfield code="c">BOOK</subfield>
  </datafield>
  <datafield tag="999" ind1=" " ind2=" ">
    <subfield code="c">488122</subfield>
    <subfield code="d">488122</subfield>
  </datafield>
  <datafield tag="952" ind1=" " ind2=" ">
    <subfield code="0">0</subfield>
    <subfield code="1">0</subfield>
    <subfield code="4">0</subfield>
    <subfield code="7">0</subfield>
    <subfield code="8">RESERVA</subfield>
    <subfield code="a">CIE</subfield>
    <subfield code="b">CIE</subfield>
    <subfield code="d">2009-01-26</subfield>
    <subfield code="i">C1029982</subfield>
    <subfield code="l">0</subfield>
    <subfield code="o">INV/34553</subfield>
    <subfield code="p">61000004685938</subfield>
    <subfield code="r">2023-04-28 00:00:00</subfield>
    <subfield code="t">1</subfield>
    <subfield code="w">2023-04-28</subfield>
    <subfield code="y">BOOK</subfield>
  </datafield>
</record>
